000
00334nam a2200133Ia 4500
008
240624s9999 xx 000 0 und d
041
_a
eng
082
_a
658.049 GUP
100
_a
GUPTA SONIA
245
_a
INTERNATIONAL BUSINESS
260
_c
2015
_a
New Delhi
_b
Tata McGraw - Hill
300
_a
650 : p. : cm. ; 28
365
_c
RS
_b
33
999
_c
26068
_d
26068